| 000 | 00916cam a22002895a 4500 | ||
|---|---|---|---|
| 001 | 016076383 | ||
| 003 | OSt | ||
| 005 | 20160525105556.0 | ||
| 008 | 120423t2012 nyua frb 001 0 eng d | ||
| 020 | _a9780071774314 (pbk.) | ||
| 020 | _a0071774319 (pbk.) | ||
| 040 |
_aStDuBDS _beng _cStDuBDS _dUk _dEG-ScBUE |
||
| 082 | 0 | 4 |
_a615.1068 _222 _bDES |
| 100 | 1 |
_aDesselle, Shane P. _940083 |
|
| 245 | 1 | 0 |
_aPharmacy management : _bessentials for all practice settings / _cShane P. Desselle, David P. Zgarrick, Greg L. Alston. |
| 250 | _a3rd ed. | ||
| 260 |
_aNew York : _bMcGraw-Hill Medical, _cc.2012. |
||
| 300 |
_axvii, 715 p. : _bill. ; _c24 cm. |
||
| 500 | _aIndex : p. 699-715. | ||
| 504 | _aIncludes bibliographical references. | ||
| 650 | 7 |
_aPharmacy management. _2BUEsh _935142 |
|
| 651 | _2BUEsh | ||
| 653 |
_bPPhrm _cMay2016 |
||
| 700 | 1 | _aZgarrick, David P. | |
| 700 | 1 | _aAlston, Greg L. | |
| 942 | _2ddc | ||
| 999 |
_c21811 _d21783 |
||